Polskie stacje kolejowe mające w nazwie "Centralny/a/e/Centrum" - Statystyki

Ogólne statystyki
  • Ten quiz został rozwiązany 249 razy
    210 od ostatniego zresetowania
  • Średni wynik to 4 z 22
Statystyki odpowiedzi
Hint Odpowiedź % Poprawnych
MZ Warszawa Centralna
98%
DS Wałbrzych Centrum
52%
DS Bielawa Centralna
31%
PK Rzeszów Centrum
23%
ZP Szczecin Port Centralny
23%
ZP Świnoujście Centrum
22%
PK Stalowa Wola Centrum
20%
MZ Wieliszew Centrum
17%
SL Miasteczko Śląskie Centrum
14%
SL Wodzisław Śląski Centrum
12%
MP Rzozów Centrum
10%
SL Pawłowice Śląskie Centrum
9%
SL Rajcza Centrum
9%
PO Subkowy Centrum
8%
MP Szaflary Centrum
8%
SL Koniecpol Centrum
7%
MP Radziszów Centrum
7%
LD Domaniewice Centrum
6%
MP Pewel Wielka Centrum
6%
DS Jedlina-Zdrój Centrum
5%
MP Lachowice Centrum
5%
OP Szydłów Centrum
5%
Nie znaleziono quizów pasujących do podanych kryteriów
Rozkład punktacji
Procent ludzi z każdym wynikiem
Percentyl według liczby udzielonych odpowiedzi
Twoja historia wyników
Nie rozwiązałeś tego quizu od ostatniego zresetowania